|
|
|
|
| LEADER |
01002nab a2200229 i 4500 |
| 001 |
misc61977 |
| 005 |
20230301115503.0 |
| 008 |
230123s1963 hu o 0|| ger d |
| 040 |
|
|
|a SZTE Miscellanea Repozitórium
|b hun
|
| 041 |
|
|
|a ger
|
| 100 |
2 |
|
|a Katonáné Palló Margit
|
| 245 |
1 |
0 |
|a Ein alttürkischer Fachausdruck der Fischerei in den ungarischen Urkunden
|h [elektronikus dokumentum] :
|b zur 50. Jahreswende des Erscheinens der BTL von Zoltán Gombocz /
|c Katonáné Palló Margit
|
| 260 |
|
|
|a Harrassowitz
|b Wiesbaden
|c 1963
|
| 300 |
|
|
|a 56-63
|c 25 cm
|
| 300 |
|
|
|a [8] p.
|c 25 cm
|
| 490 |
0 |
|
|a Ural-Altaische Jahrbücher : Fortsetzung der "Ungarischen Jahrbücher" = Ural-Altaic yearbook
|
| 561 |
|
|
|a Németh Gyula hagyaték
|
| 591 |
|
|
|a LOA 2710; NOA 4509; NOA 4510
|
| 650 |
|
4 |
|a Bölcsészettudományok
|
| 650 |
|
4 |
|a Nyelvek és irodalom
|
| 695 |
|
|
|a Gombocz Zoltán, Magyar nyelv - török jövevényszavak
|
| 856 |
4 |
0 |
|u http://misc.bibl.u-szeged.hu/61977/1/4510_noa.pdf
|z Dokumentum-elérés
|